[Event "Campeonato del Mundo sub-20 2010 Fem."]
[Site "Chotowa-Czarna, Poland"]
[Date "2010.08.10"]
[Round "7.9"]
[White "Exler, Veronika"]
[Black "Bhakti, Kulkarni Pradip"]
[Result "0-1"]
[WhiteElo "2143"]
[BlackElo "2249"]
[PlyCount "94"]
[EventDate "2010.08.03"]
[EventType "swiss"]
[EventRounds "13"]
[EventCountry "POL"]
[Source "lmi"]
[SourceDate "2010.08.03"]

1. e4 g6 2. d4 Bg7 3. Nc3 c6 4. g3 d5 5. e5 Nh6 6. Bg2 O-O 7. f4 f6 8. Nf3 Qb6
9. h3 fxe5 10. fxe5 Nf5 11. Ne2 c5 12. c3 cxd4 13. cxd4 Nc6 14. g4 Nh6 15. Qb3
Qxb3 16. axb3 Nb4 17. O-O Bd7 18. Bd2 Nd3 19. Bg5 Rfe8 20. Rfd1 Nb4 21. Bd2 Na6
22. Rdc1 e6 23. Nf4 Rec8 24. Ng5 Nc7 25. Ba5 b6 26. Bxb6 axb6 27. Rxa8 Nxa8 28.
Rxc8+ Bxc8 29. Ngxe6 b5 30. Bxd5 Nb6 31. Nc7+ Nxd5 32. Nfxd5 Bb7 33. Nf4 b4 34.
Nd3 Nf7 35. Nxb4 Ng5 36. Kf2 Nxh3+ 37. Ke3 Bh6+ 38. Kd3 Nf2+ 39. Kc4 Nxg4 40.
e6 Kf8 41. Nbd5 Ne3+ 42. Nxe3 Bxe3 43. d5 Bf4 44. Nb5 Ba6 45. Kc5 Bxb5 46. Kxb5
g5 47. Kc6 Ke7 0-1

[Event "Campeonato del Mundo sub-20 2010 Fem."]
[Site "Chotowa-Czarna, Poland"]
[Date "2010.08.10"]
[Round "7.10"]
[White "Heredia Serrano, Carla Sofia"]
[Black "Kulon, Klaudia"]
[Result "1-0"]
[WhiteElo "2080"]
[BlackElo "2230"]
[PlyCount "95"]
[EventDate "2010.08.03"]
[EventType "swiss"]
[EventRounds "13"]
[EventCountry "POL"]
[Source "lmi"]
[SourceDate "2010.08.03"]

1. e4 c5 2. Nf3 d6 3. d4 cxd4 4. Nxd4 Nf6 5. Nc3 a6 6. Qe2 e5 7. Nf5 Nc6 8. Bg5
Bxf5 9. Bxf6 gxf6 10. exf5 Nd4 11. Qe4 d5 12. Nxd5 Nxc2+ 13. Qxc2 Qxd5 14. Bc4
Qa5+ 15. Ke2 Bh6 16. b4 Qb6 17. Qa4+ Ke7 18. Rhd1 Rhd8 19. Qb3 Rxd1 20. Rxd1
Rd8 21. Rxd8 Qxd8 22. Qd3 Qc7 23. Qd5 Kf8 24. Qc5+ Qxc5 25. bxc5 Ke8 26. Bd5
Bf8 27. Bxb7 a5 28. c6 Kd8 29. Ba6 Kc7 30. Bb5 Kb6 31. Ba4 Bd6 32. Kd3 Kc5 33.
Ke4 h6 34. h4 Bc7 35. Kf3 Bd6 36. Kg4 Kb6 37. Kh5 Bf8 38. Kg4 Bd6 39. Kh5 Bf8
40. f3 Kc7 41. Bb3 Kxc6 42. Bxf7 Kd6 43. Kg6 e4 44. fxe4 Ke5 45. Bd5 a4 46. Bb7
a3 47. Bd5 Bd6 48. Kxh6 1-0

[Event "Campeonato del Mundo sub-20 2010 Fem."]
[Site "Chotowa-Czarna, Poland"]
[Date "2010.08.10"]
[Round "7.11"]
[White "Toth, Sarolta"]
[Black "Iwanow, Anna"]
[Result "1/2-1/2"]
[WhiteElo "2207"]
[BlackElo "2097"]
[PlyCount "99"]
[EventDate "2010.08.03"]
[EventType "swiss"]
[EventRounds "13"]
[EventCountry "POL"]
[Source "lmi"]
[SourceDate "2010.08.03"]

1. Nf3 Nf6 2. c4 g6 3. Nc3 Bg7 4. e4 d6 5. d4 O-O 6. Be3 e5 7. dxe5 dxe5 8.
Qxd8 Rxd8 9. Nd5 Na6 10. O-O-O Re8 11. Nxf6+ Bxf6 12. a3 c5 13. Be2 Bg7 14. Nd2
Be6 15. Nb1 Rac8 16. Nc3 b6 17. Nd5 f6 18. Rd2 Nb8 19. Bd1 Bd7 20. Bb3 Kf7 21.
Rhd1 Bc6 22. Nc3 Ke7 23. f3 Red8 24. Nb5 Rxd2 25. Rxd2 Bxb5 26. cxb5 Nd7 27.
Bd5 Nf8 28. Rc2 Rd8 29. Bd2 Ne6 30. Bxe6 Kxe6 31. Bc3 Bh6+ 32. Kb1 Rd1+ 33. Ka2
Rh1 34. h3 Rd1 35. b4 Be3 36. bxc5 Bxc5 37. Rd2 Rxd2+ 38. Bxd2 Bd4 39. Bb4 Be3
40. Kb3 Bf2 41. Kc4 Be3 42. a4 Bf2 43. Bd2 g5 44. g4 Bc5 45. Be1 Kd6 46. h4 h6
47. h5 Ke6 48. a5 Kd6 49. axb6 axb6 50. Bd2 1/2-1/2

[Event "Campeonato del Mundo sub-20 2010 Fem."]
[Site "Chotowa-Czarna, Poland"]
[Date "2010.08.10"]
[Round "7.12"]
[White "Guo, Emma"]
[Black "Nemcova, Katerina"]
[Result "0-1"]
[WhiteElo "1965"]
[BlackElo "2282"]
[PlyCount "48"]
[EventDate "2010.08.03"]
[EventType "swiss"]
[EventRounds "13"]
[EventCountry "POL"]
[Source "lmi"]
[SourceDate "2010.08.03"]

1. d4 Nf6 2. Nf3 d6 3. Bf4 Nbd7 4. e3 c5 5. c3 Nh5 6. Bg3 g6 7. Bc4 Nxg3 8.
Bxf7+ Kxf7 9. Ng5+ Ke8 10. Qb3 Ne5 11. hxg3 c4 12. Qc2 Nd3+ 13. Ke2 Qa5 14. Nf3
Bf5 15. Qd2 Rc8 16. Nh4 Bg7 17. Na3 Bg4+ 18. f3 Be6 19. f4 b5 20. e4 Bg4+ 21.
Nf3 e5 22. fxe5 dxe5 23. d5 Qb6 24. Raf1 h5 0-1

[Event "Campeonato del Mundo sub-20 2010 Fem."]
[Site "Chotowa-Czarna, Poland"]
[Date "2010.08.10"]
[Round "7.13"]
[White "Olsarova, Tereza"]
[Black "Baciu, Diana"]
[Result "0-1"]
[WhiteElo "2252"]
[BlackElo "2127"]
[PlyCount "82"]
[EventDate "2010.08.03"]
[EventType "swiss"]
[EventRounds "13"]
[EventCountry "POL"]
[Source "lmi"]
[SourceDate "2010.08.03"]

1. e4 e6 2. Nf3 d5 3. e5 c5 4. b4 cxb4 5. d4 Ne7 6. a3 Nf5 7. axb4 Bxb4+ 8. c3
Be7 9. Bd3 Nc6 10. O-O Rb8 11. g4 Nh4 12. Nxh4 Bxh4 13. f4 Be7 14. f5 b5 15.
Qf3 b4 16. f6 gxf6 17. exf6 Bf8 18. Bf4 Rb6 19. Qe3 a5 20. h4 Ba6 21. Bxa6 Rxa6
22. g5 Qb6 23. Rd1 a4 24. cxb4 Bxb4 25. Nc3 Bxc3 26. Qxc3 O-O 27. Rab1 Qa7 28.
Kh1 a3 29. Bd6 Ra8 30. h5 Nxd4 31. Rxd4 Rxd6 32. g6 a2 33. Ra1 Qa3 34. Qc7 hxg6
35. hxg6 Qh3+ 36. Kg1 Qg3+ 37. Kh1 Qf3+ 38. Kh2 Qh5+ 39. Kg3 Ra3+ 40. Kf2 Rf3+
41. Ke1 Qe5+ 0-1

[Event "Campeonato del Mundo sub-20 2010 Fem."]
[Site "Chotowa-Czarna, Poland"]
[Date "2010.08.10"]
[Round "7.14"]
[White "Skinke, Katrina"]
[Black "Andrenko, Irina"]
[Result "0-1"]
[WhiteElo "2237"]
[BlackElo "2133"]
[PlyCount "102"]
[EventDate "2010.08.03"]
[EventType "swiss"]
[EventRounds "13"]
[EventCountry "POL"]
[Source "lmi"]
[SourceDate "2010.08.03"]

1. e4 c5 2. Nf3 d6 3. d4 cxd4 4. Nxd4 Nf6 5. Nc3 g6 6. Be3 Bg7 7. f3 Nc6 8. Qd2
O-O 9. Bc4 Bd7 10. Bb3 Rc8 11. g4 Ne5 12. O-O-O b5 13. g5 b4 14. Nce2 Nh5 15.
Ng3 a5 16. Nxh5 gxh5 17. f4 a4 18. fxe5 axb3 19. Nxb3 Bxe5 20. Bd4 Qc7 21. Kb1
Be6 22. Bxe5 dxe5 23. Nc1 Qa5 24. b3 Rc3 25. Qf2 Ra8 26. Rd2 Rac8 27. Rg1 Qa3
28. Qb6 R3c6 29. Qb5 Rc5 30. Qe2 Bg4 31. Qf2 Rc3 32. Rd5 Rxc2 33. Qxc2 Rxc2 34.
Kxc2 Qa7 35. Rg3 Qf2+ 36. Rd2 Qf4 37. Rgd3 Qxe4 38. Kb2 Bf5 39. Rd8+ Kg7 40.
Nd3 h4 41. a3 bxa3+ 42. Kxa3 Qe3 43. Nb2 e4 44. Nc4 Qxg5 45. Re2 Bg6 46. b4 Qb5
47. Kb3 f5 48. Rd4 e5 49. Rdd2 Bf7 50. Rg2+ Kf6 51. Rc2 f4 0-1

[Event "Campeonato del Mundo sub-20 2010 Fem."]
[Site "Chotowa-Czarna, Poland"]
[Date "2010.08.10"]
[Round "7.16"]
[White "Newrkla, Katharina"]
[Black "Tsirulnik, Maritsa"]
[Result "1/2-1/2"]
[WhiteElo "2105"]
[BlackElo "2153"]
[PlyCount "139"]
[EventDate "2010.08.03"]
[EventType "swiss"]
[EventRounds "13"]
[EventCountry "POL"]
[Source "lmi"]
[SourceDate "2010.08.03"]

1. e4 c5 2. b3 Nf6 3. e5 Nd5 4. Bb2 g6 5. Bc4 Nb6 6. Nf3 Nxc4 7. bxc4 Bg7 8.
Nc3 Nc6 9. Qe2 O-O 10. O-O b6 11. Nd5 Bb7 12. Rfe1 d6 13. d3 Re8 14. e6 f6 15.
h4 Nb4 16. Nxb4 cxb4 17. h5 gxh5 18. Nh4 Rf8 19. Qxh5 Qe8 20. Qg4 Kh8 21. Re3
Bh6 22. Rh3 Rg8 23. Qf5 Bg5 24. Nf3 Qg6 25. Qxg6 Rxg6 26. Nd4 Bxg2 27. Rg3 Bb7
28. Nf5 Re8 29. Kf1 Bf4 30. Rxg6 hxg6 31. Nxe7 Bg5 32. Nd5 Rxe6 33. Nxb4 Bf3
34. Nd5 Kg7 35. Bd4 Re8 36. Ne3 Kf7 37. Ke1 f5 38. Kd2 f4 39. Nd5 Re2+ 40. Kc3
Bxd5 41. cxd5 Bf6 42. f3 Re3 43. Rf1 g5 44. a4 Bxd4+ 45. Kxd4 Kg6 46. Rf2 Kf5
47. Kc4 g4 48. fxg4+ Kxg4 49. Kb5 Kg3 50. Rf1 Re2 51. c4 Rf2 52. Rg1+ Rg2 53.
Rf1 Rh2 54. Rg1+ Kf2 55. Rg6 Ke3 56. Rxd6 Kxd3 57. Rf6 Ke4 58. Kc6 Rc2 59. d6
Rxc4+ 60. Kb7 Ke5 61. d7 Rd4 62. Rf7 Ke6 63. Rxf4 Rxd7+ 64. Ka6 Ke5 65. Rh4 Kd5
66. a5 Kc5 67. axb6 axb6 68. Rh5+ Rd5 69. Rxd5+ Kxd5 70. Kxb6 1/2-1/2

[Event "Campeonato del Mundo sub-20 2010 Fem."]
[Site "Chotowa-Czarna, Poland"]
[Date "2010.08.10"]
[Round "7.17"]
[White "Butuc, Maria"]
[Black "Pratyusha, Bodda"]
[Result "1-0"]
[WhiteElo "2220"]
[BlackElo "2073"]
[PlyCount "89"]
[EventDate "2010.08.03"]
[EventType "swiss"]
[EventRounds "13"]
[EventCountry "POL"]
[Source "lmi"]
[SourceDate "2010.08.03"]

1. c4 Nf6 2. Nc3 e5 3. g3 d5 4. cxd5 Nxd5 5. Bg2 Nb6 6. Nf3 Nc6 7. d3 Be7 8.
O-O Be6 9. b3 O-O 10. Bb2 f5 11. Rc1 Bf6 12. Nd2 Nd5 13. Na4 Nde7 14. Nc5 Bc8
15. b4 Rb8 16. b5 Na5 17. Ndb3 Nxb3 18. Qxb3+ Kh8 19. Qa4 a6 20. bxa6 bxa6 21.
Ba3 Qe8 22. Qa5 Rb5 23. Qxc7 Rf7 24. Qd6 g6 25. Nxa6 Ra5 26. Nc7 Qa4 27. Bb4
Ra7 28. Bc5 Rb7 29. Bxb7 Bxb7 30. Rb1 Bc6 31. Rb8+ Ng8 32. Qe6 Kg7 33. Qc8 Ne7
34. Bxe7 Bxe7 35. Qg8+ Kf6 36. Rc1 Ba3 37. Qd8+ Be7 38. Qh8+ Kg5 39. Qxe5 Ba3
40. Ne6+ Kh5 41. Rcb1 Rd7 42. Qe3 Be7 43. Ng7+ Kg4 44. f3+ Kh3 45. Qh6+ 1-0

[Event "Campeonato del Mundo sub-20 2010 Fem."]
[Site "Chotowa-Czarna, Poland"]
[Date "2010.08.10"]
[Round "7.18"]
[White "Semenova, Elena"]
[Black "Rysbayeva, Nazerke"]
[Result "1-0"]
[WhiteElo "2194"]
[BlackElo "2052"]
[PlyCount "130"]
[EventDate "2010.08.03"]
[EventType "swiss"]
[EventRounds "13"]
[EventCountry "POL"]
[Source "lmi"]
[SourceDate "2010.08.03"]

1. e4 c6 2. d4 d5 3. exd5 cxd5 4. Bd3 Nc6 5. c3 Qc7 6. Ne2 Bg4 7. O-O e6 8. f3
Bh5 9. Bf4 Bd6 10. Bxd6 Qxd6 11. Na3 Nge7 12. Qd2 Bg6 13. Nf4 a6 14. Nc2 Bxd3
15. Nxd3 O-O 16. Rae1 Rac8 17. Qg5 Ng6 18. Nc5 Rc7 19. f4 Nce7 20. Ne3 a5 21.
h4 h6 22. Qg3 Nc6 23. Ng4 Kh8 24. Ne5 Nge7 25. Qf3 b6 26. Ncd3 Nd8 27. h5 f6
28. Ng6+ Nxg6 29. hxg6 Qc6 30. g4 a4 31. a3 Re8 32. f5 Rce7 33. g5 exf5 34.
Rxe7 Rxe7 35. Qxf5 Qe6 36. gxf6 gxf6 37. Qxf6+ Qxf6 38. Rxf6 Ne6 39. Ne5 Kg7
40. Rf5 Ng5 41. Kg2 Ne4 42. Nd3 Nf6 43. Nf4 Re1 44. Re5 Re4 45. Kf3 h5 46. Rf5
Re1 47. Nxh5+ Nxh5 48. Rxh5 Rb1 49. Rxd5 Rxb2 50. c4 Rc2 51. c5 bxc5 52. Rxc5
Ra2 53. Rc3 Kxg6 54. Ke4 Kf6 55. Kd5 Ke7 56. Kc6 Rh2 57. d5 Rh6+ 58. Kc7 Ke8
59. Re3+ Kf7 60. d6 Rh1 61. Rc3 Ke6 62. d7 Rh7 63. Re3+ Kd5 64. Kc8 Kd4 65. Rg3
Rh8+ 1-0

[Event "Campeonato del Mundo sub-20 2010 Fem."]
[Site "Chotowa-Czarna, Poland"]
[Date "2010.08.10"]
[Round "7.19"]
[White "Zmarzly, Aleksandra"]
[Black "Nesterovskaya, Anzhelika"]
[Result "0-1"]
[WhiteElo "2026"]
[BlackElo "2177"]
[PlyCount "82"]
[EventDate "2010.08.03"]
[EventType "swiss"]
[EventRounds "13"]
[EventCountry "POL"]
[Source "lmi"]
[SourceDate "2010.08.03"]

1. e4 c5 2. Nf3 d6 3. d4 cxd4 4. Nxd4 Nf6 5. Nc3 g6 6. Be3 a6 7. f3 Qc7 8. Qd2
e5 9. Nde2 Be6 10. O-O-O Nc6 11. Bg5 Nd7 12. Nd5 Bxd5 13. exd5 Ne7 14. Nc3 h6
15. Bxe7 Bxe7 16. Kb1 b5 17. h4 b4 18. Ne4 f5 19. Nf2 Nc5 20. Nd3 a5 21. Nxc5
Qxc5 22. h5 g5 23. Qd3 O-O 24. g4 Rac8 25. Rh2 a4 26. Qb5 fxg4 27. fxg4 Rf4 28.
Qd7 Kf8 29. Bd3 e4 30. Ba6 Rc7 31. Qxa4 Bf6 32. Qb5 Qxb5 33. Bxb5 Rxg4 34. Re2
Rf4 35. Rde1 Re7 36. a3 bxa3 37. bxa3 Bd4 38. c4 g4 39. Kc2 g3 40. Kd1 Bf2 41.
Rf1 g2 0-1

[Event "Campeonato del Mundo sub-20 2010 Fem."]
[Site "Chotowa-Czarna, Poland"]
[Date "2010.08.10"]
[Round "7.21"]
[White "Guadamuro Torrente, Anabel"]
[Black "Kaya, Emel"]
[Result "0-1"]
[WhiteElo "2137"]
[BlackElo "2015"]
[PlyCount "147"]
[EventDate "2010.08.03"]
[EventType "swiss"]
[EventRounds "13"]
[EventCountry "POL"]
[Source "lmi"]
[SourceDate "2010.08.03"]

1. e4 c5 2. Nf3 g6 3. d4 cxd4 4. Nxd4 Bg7 5. Nb3 Nc6 6. Bc4 Nf6 7. Nc3 O-O 8.
O-O d6 9. Re1 Na5 10. Bf1 Be6 11. Nd5 Re8 12. c3 Rc8 13. Bb5 Nd7 14. Bg5 Bxd5
15. exd5 Nxb3 16. axb3 a6 17. Bf1 Nf6 18. b4 Qd7 19. Qd3 Qg4 20. Be3 Qh5 21.
Ra5 Ng4 22. Bf4 Bh6 23. Bg3 f5 24. h3 Ne5 25. Bxe5 dxe5 26. Rxe5 Bf4 27. Re6
Bc7 28. Ra1 Qg5 29. c4 Rcd8 30. Rae1 Rd7 31. Qf3 Qf4 32. Qxf4 Bxf4 33. R1e2 Kf8
34. g3 Bg5 35. Bg2 Rc8 36. b3 Bf6 37. Ra2 Bc3 38. Rb6 Rcc7 39. c5 Kg7 40. Kf1
Kf8 41. Ke2 Bg7 42. Kd3 Ke8 43. Ke2 Kd8 44. f4 Kc8 45. c6 Rd6 46. b5 Bd4 47.
cxb7+ Rxb7 48. Rxb7 Kxb7 49. bxa6+ Ka7 50. Kd3 Bf6 51. Kc4 Rxa6 52. Re2 Rd6 53.
Kc5 Ra6 54. g4 fxg4 55. hxg4 h6 56. Be4 g5 57. fxg5 Bxg5 58. Bf5 Ra5+ 59. Kc4
Ra1 60. b4 Ra6 61. Kc5 Kb7 62. Bd7 Ra1 63. Re6 Kc7 64. Bb5 Rc1+ 65. Bc4 Rc3 66.
b5 Re3 67. Rc6+ Kb7 68. Rb6+ Kc7 69. Ra6 Re4 70. b6+ Kb8 71. Bb5 Be3+ 72. Kc6
Rxg4 73. Bd3 Rf4 74. Kb5 0-1

[Event "Campeonato del Mundo sub-20 2010 Fem."]
[Site "Chotowa-Czarna, Poland"]
[Date "2010.08.10"]
[Round "7.22"]
[White "Skrzypczak, Anna"]
[Black "Saduakassova, Dinara"]
[Result "0-1"]
[WhiteElo "2028"]
[BlackElo "2131"]
[PlyCount "64"]
[EventDate "2010.08.03"]
[EventType "swiss"]
[EventRounds "13"]
[EventCountry "POL"]
[Source "lmi"]
[SourceDate "2010.08.03"]

1. e4 c5 2. Nf3 d6 3. d4 cxd4 4. Nxd4 Nf6 5. Nc3 a6 6. Be3 e5 7. Nb3 Be7 8. f4
Nbd7 9. Qe2 b5 10. g3 Bb7 11. Bg2 Rc8 12. Nd5 Nxd5 13. exd5 Nf6 14. Rd1 exf4
15. Bxf4 O-O 16. O-O Qd7 17. Kh1 Rfe8 18. Qd3 Bd8 19. Nd2 Bb6 20. c3 Ng4 21.
Ne4 Ne5 22. Qe2 Ng6 23. Qh5 Nxf4 24. Rxf4 Re5 25. Qf3 Rce8 26. b3 f5 27. Ng5
Be3 28. Qh5 g6 29. Qh3 Bxf4 30. gxf4 Re1+ 31. Rxe1 Rxe1+ 32. Bf1 Bxd5+ 0-1

[Event "Campeonato del Mundo sub-20 2010 Fem."]
[Site "Chotowa-Czarna, Poland"]
[Date "2010.08.10"]
[Round "7.23"]
[White "Adamowicz, Katarzyna"]
[Black "Petrova, Irina"]
[Result "1/2-1/2"]
[WhiteElo "2123"]
[BlackElo "2014"]
[PlyCount "73"]
[EventDate "2010.08.03"]
[EventType "swiss"]
[EventRounds "13"]
[EventCountry "POL"]
[Source "lmi"]
[SourceDate "2010.08.03"]

1. e4 c5 2. Nf3 d6 3. d4 cxd4 4. Nxd4 Nf6 5. Nc3 g6 6. Be2 Bg7 7. O-O Nc6 8.
Nb3 Be6 9. Be3 O-O 10. f4 Rc8 11. Kh1 a6 12. Bf3 Na5 13. Nxa5 Qxa5 14. Nd5 Nxd5
15. exd5 Bf5 16. c3 h5 17. Qd2 b5 18. a3 Qc7 19. Qf2 Qb7 20. Rfe1 a5 21. Bb6 b4
22. axb4 axb4 23. Ra7 Qb8 24. cxb4 Rc2 25. Qe3 Rxb2 26. Rxe7 Bf6 27. Bd4 Bxd4
28. Qxd4 Qxb4 29. Qf6 Rb1 30. Qh4 Rc8 31. h3 Rcc1 32. Rxc1 Rxc1+ 33. Kh2 Qd4
34. Qg5 Rf1 35. Re2 Kg7 36. Kg3 f6 37. Qh4 1/2-1/2

[Event "Campeonato del Mundo sub-20 2010 Fem."]
[Site "Chotowa-Czarna, Poland"]
[Date "2010.08.10"]
[Round "7.24"]
[White "Forestier, Carole"]
[Black "Dragojevic, Marija"]
[Result "1-0"]
[WhiteElo "2103"]
[BlackElo "1986"]
[PlyCount "79"]
[EventDate "2010.08.03"]
[EventType "swiss"]
[EventRounds "13"]
[EventCountry "POL"]
[Source "lmi"]
[SourceDate "2010.08.03"]

1. d4 Nf6 2. c4 g6 3. Nc3 Bg7 4. e4 d6 5. Bg5 h6 6. Bh4 Nbd7 7. f4 c5 8. d5 Qa5
9. Qd2 a6 10. Nf3 Qc7 11. Be2 O-O 12. O-O Re8 13. Rad1 Rb8 14. e5 dxe5 15. fxe5
Nxe5 16. Nxe5 Qxe5 17. Bg3 Qd4+ 18. Qxd4 cxd4 19. Bxb8 dxc3 20. bxc3 Ne4 21.
Ba7 Nxc3 22. Rd2 Nxe2+ 23. Rxe2 Bf5 24. Rfe1 e6 25. Rc1 Rd8 26. Rd2 exd5 27.
cxd5 Be5 28. Be3 h5 29. Rc4 Bd7 30. Bb6 Re8 31. d6 Re6 32. Rc7 Bc6 33. Rxc6
bxc6 34. d7 Bf6 35. d8=Q+ Bxd8 36. Rxd8+ Kg7 37. Ra8 c5 38. Bxc5 g5 39. a4 Rc6
40. Bd4+ 1-0

[Event "Campeonato del Mundo sub-20 2010 Fem."]
[Site "Chotowa-Czarna, Poland"]
[Date "2010.08.10"]
[Round "7.25"]
[White "Uta, Adeline-Ramona"]
[Black "Cyboran, Katarzyna"]
[Result "0-1"]
[WhiteElo "2099"]
[BlackElo "1777"]
[PlyCount "70"]
[EventDate "2010.08.03"]
[EventType "swiss"]
[EventRounds "13"]
[EventCountry "POL"]
[Source "lmi"]
[SourceDate "2010.08.03"]

1. e4 c5 2. Nf3 Nc6 3. d4 cxd4 4. Nxd4 d5 5. Bb5 dxe4 6. Nxc6 Qxd1+ 7. Kxd1 a6
8. Nd4+ axb5 9. Nxb5 Bg4+ 10. Ke1 Rd8 11. N1c3 e5 12. h3 Bh5 13. g4 Bg6 14. Be3
Bb4 15. Ke2 Bxc3 16. Nxc3 h5 17. Nb5 Nf6 18. c4 hxg4 19. hxg4 Rxh1 20. Rxh1
Nxg4 21. c5 Nxe3 22. fxe3 Ke7 23. b4 f5 24. Nd6 Ra8 25. Ra1 Rh8 26. Rg1 Rh2+
27. Kf1 Kf6 28. Rg2 Rh1+ 29. Rg1 Rh2 30. Rg2 Rh1+ 31. Kf2 f4 32. exf4 exf4 33.
Rg4 e3+ 34. Kg2 e2 35. Kxh1 e1=Q+ 0-1

[Event "Campeonato del Mundo sub-20 2010 Fem."]
[Site "Chotowa-Czarna, Poland"]
[Date "2010.08.10"]
[Round "7.27"]
[White "Khanamiryan, Ani"]
[Black "Mareckova, Martina"]
[Result "0-1"]
[WhiteElo "2014"]
[BlackElo "2095"]
[PlyCount "60"]
[EventDate "2010.08.03"]
[EventType "swiss"]
[EventRounds "13"]
[EventCountry "POL"]
[Source "lmi"]
[SourceDate "2010.08.03"]

1. e4 g6 2. d4 Bg7 3. c4 d6 4. Nc3 Nf6 5. Nge2 O-O 6. f3 e5 7. Be3 exd4 8. Nxd4
Nc6 9. Qd2 Re8 10. O-O-O Bd7 11. g4 Nxd4 12. Bxd4 Bc6 13. h4 Nd7 14. Be3 a5 15.
h5 Qe7 16. hxg6 fxg6 17. Nd5 Bxd5 18. Qxd5+ Kh8 19. Rd2 a4 20. a3 Qe5 21. Rdh2
Nf8 22. Qd2 Qa5 23. Qc2 Qe1+ 24. Qd1 Qxe3+ 25. Kb1 Qd4 26. Bd3 Be5 27. f4 Bxf4
28. Rh3 Re7 29. Qf3 Be5 30. Qg2 Rf7 0-1

[Event "Campeonato del Mundo sub-20 2010 Fem."]
[Site "Chotowa-Czarna, Poland"]
[Date "2010.08.10"]
[Round "7.28"]
[White "Kasperek, Joanna"]
[Black "Deur, Zrinka"]
[Result "1/2-1/2"]
[WhiteElo "2001"]
[BlackElo "2061"]
[PlyCount "132"]
[EventDate "2010.08.03"]
[EventType "swiss"]
[EventRounds "13"]
[EventCountry "POL"]
[Source "lmi"]
[SourceDate "2010.08.03"]

1. e4 c5 2. Nf3 Nc6 3. Bb5 g6 4. O-O Bg7 5. c3 Nf6 6. Re1 O-O 7. d4 d5 8. e5
Ne4 9. Nbd2 cxd4 10. cxd4 Nxd2 11. Bxd2 Qb6 12. Bxc6 Qxc6 13. Bg5 f6 14. exf6
exf6 15. Bf4 Bf5 16. Rc1 Qb5 17. Qd2 Rac8 18. h3 Rxc1 19. Rxc1 Rc8 20. Rxc8+
Bxc8 21. Qc3 Qd7 22. Ne1 b6 23. Nc2 Bb7 24. Bb8 a6 25. Nb4 Bf8 26. a3 Bd6 27.
Bxd6 Qxd6 28. Qe3 Qd7 29. Qe2 a5 30. Nc2 Kf7 31. Ne3 Qc8 32. Qd2 Qc6 33. Ng4
Bc8 34. Ne3 Ba6 35. b4 axb4 36. Qxb4 Bb5 37. Qb3 Bc4 38. Qb4 Be2 39. a4 h5 40.
a5 Qc1+ 41. Kh2 Qc7+ 42. Kg1 bxa5 43. Qb3 Qc6 44. Qb8 a4 45. Qh8 Qe8 46. Qh7+
Ke6 47. Qb7 Qd7 48. Qa8 Bb5 49. Qg8+ Qf7 50. Qc8+ Qd7 51. Qg8+ Qf7 52. Qc8+ Bd7
53. Qc5 Qe8 54. Qxd5+ Ke7 55. Qc5+ Kf7 56. d5 Qe7 57. d6 Qe5 58. Qc4+ Qe6 59.
Qc5 Qe5 60. Qc4+ Qe6 61. Qc5 Qe4 62. Nc4 Qc6 63. Qa7 Kf8 64. Nb6 Qc1+ 65. Kh2
Qf4+ 66. Kg1 Qc1+ 1/2-1/2

[Event "Campeonato del Mundo sub-20 2010 Fem."]
[Site "Chotowa-Czarna, Poland"]
[Date "2010.08.10"]
[Round "7.30"]
[White "Misovic, Sanja"]
[Black "Cori Tello, Deysi Estela"]
[Result "0-1"]
[WhiteElo "1907"]
[BlackElo "2403"]
[PlyCount "64"]
[EventDate "2010.08.03"]
[EventType "swiss"]
[EventRounds "13"]
[EventCountry "POL"]
[Source "lmi"]
[SourceDate "2010.08.03"]

1. d4 Nf6 2. c4 e6 3. Nf3 b6 4. g3 Bb7 5. Bg2 Be7 6. O-O O-O 7. Nbd2 c5 8. Qc2
Nc6 9. Rd1 cxd4 10. Nf1 Bc5 11. a3 a5 12. b3 Qe7 13. Bb2 e5 14. e3 d3 15. Qxd3
e4 16. Bxf6 gxf6 17. Qxd7 Qxd7 18. Rxd7 exf3 19. Bxf3 Ne5 20. Rxb7 Nxf3+ 21.
Kg2 Ne5 22. f4 Nc6 23. Rd1 Nd8 24. Rc7 Bxa3 25. Rdd7 Ne6 26. Rc6 Bb4 27. f5 Ng5
28. Rxf6 Rad8 29. Rb7 Rd3 30. Rc6 Ne4 31. Kf3 Re8 32. g4 Rxb3 0-1

[Event "Campeonato del Mundo sub-20 2010 Fem."]
[Site "Chotowa-Czarna, Poland"]
[Date "2010.08.10"]
[Round "7.31"]
[White "Rysbayeva, Aigerim"]
[Black "Orehek, Spela"]
[Result "1/2-1/2"]
[WhiteElo "2209"]
[BlackElo "1883"]
[PlyCount "98"]
[EventDate "2010.08.03"]
[EventType "swiss"]
[EventRounds "13"]
[EventCountry "POL"]
[Source "lmi"]
[SourceDate "2010.08.03"]

1. e4 c5 2. Nf3 Nc6 3. d4 cxd4 4. Nxd4 g6 5. c4 Nf6 6. Nc3 d6 7. Be2 Nxd4 8.
Qxd4 Bg7 9. Be3 O-O 10. Qd2 a5 11. O-O a4 12. f3 Qa5 13. Rab1 Be6 14. Rfc1 Rfc8
15. b4 axb3 16. axb3 Qb4 17. Qc2 Nd7 18. Nb5 Ra5 19. Nd4 Rca8 20. Qd1 Ra2 21.
Rc2 Nc5 22. Nb5 Rxc2 23. Qxc2 Na6 24. Kh1 Qa5 25. Qd2 Qxd2 26. Bxd2 Nc5 27. Bd1
Bd7 28. Nc3 Ra3 29. Kg1 f5 30. Bc2 f4 31. Bc1 Bd4+ 32. Kf1 Ra6 33. Bb2 e6 34.
b4 Bxc3 35. Bxc3 Ra2 36. bxc5 Rxc2 37. Rxb7 Bc6 38. Rc7 Rxc3 39. Rxc6 Rxc4 40.
Rc8+ Kf7 41. Rc7+ Ke8 42. c6 Rc2 43. h4 d5 44. e5 d4 45. Rd7 Rxc6 46. Rxd4 Rc5
47. Re4 Ke7 48. Kg1 h6 49. Kh2 g5 1/2-1/2

[Event "Campeonato del Mundo sub-20 2010 Fem."]
[Site "Chotowa-Czarna, Poland"]
[Date "2010.08.10"]
[Round "7.35"]
[White "Jablonska, Sabina"]
[Black "Anu, Bayar"]
[Result "0-1"]
[WhiteElo "1876"]
[BlackElo "1935"]
[PlyCount "68"]
[EventDate "2010.08.03"]
[EventType "swiss"]
[EventRounds "13"]
[EventCountry "POL"]
[Source "lmi"]
[SourceDate "2010.08.03"]

1. e4 c5 2. Nf3 a6 3. c3 d6 4. d4 Nf6 5. Bd3 Nc6 6. h3 g6 7. Be3 b6 8. Qd2 Bg7
9. Bh6 O-O 10. Na3 Qc7 11. Nc4 b5 12. Bxg7 Kxg7 13. Ne3 c4 14. Bc2 e5 15. Nd5
Nxd5 16. exd5 Nd8 17. dxe5 dxe5 18. d6 Qc5 19. Be4 Bb7 20. Bxb7 Nxb7 21. O-O-O
Rad8 22. d7 f6 23. h4 Qe7 24. h5 g5 25. Qd5 Nc5 26. Kc2 Rxd7 27. Qc6 Nd3 28.
Rd2 Rfd8 29. Qxa6 Ra7 30. Qxb5 Rxa2 31. Rb1 Qc7 32. Ne1 Nxe1+ 33. Rxe1 Rxd2+
34. Kxd2 Qd6+ 0-1

[Event "Campeonato del Mundo sub-20 2010 Fem."]
[Site "Chotowa-Czarna, Poland"]
[Date "2010.08.10"]
[Round "7.36"]
[White "Correa, Jaqueline Pamplona"]
[Black "Vanhuyse, Nele"]
[Result "1-0"]
[WhiteElo "1928"]
[BlackElo "1779"]
[PlyCount "69"]
[EventDate "2010.08.03"]
[EventType "swiss"]
[EventRounds "13"]
[EventCountry "POL"]
[Source "lmi"]
[SourceDate "2010.08.03"]

1. e4 e5 2. d4 exd4 3. Qxd4 Nc6 4. Qe3 Bb4+ 5. Nc3 d6 6. Bd2 Nf6 7. O-O-O O-O
8. Qg3 Bxc3 9. Bxc3 Qe7 10. f3 a6 11. Ne2 b5 12. Nf4 Ne5 13. h4 c5 14. h5 Be6
15. h6 g6 16. Nh5 Nxh5 17. Rxh5 f6 18. f4 b4 19. Bxe5 dxe5 20. fxe5 f5 21. exf5
Bxf5 22. Bc4+ Kh8 23. Rhh1 a5 24. e6 Rad8 25. Qe5+ Kg8 26. Rd7 Qg5+ 27. Kb1
Bxc2+ 28. Kxc2 Qxg2+ 29. Kb3 a4+ 30. Kxa4 Qc6+ 31. Bb5 Ra8+ 32. Kb3 c4+ 33.
Kxb4 Qxb5+ 34. Kxb5 Rfb8+ 35. Kxc4 1-0